000 00826nam a2200241 i 4500
001 181935
003 ES-MaACL
005 20240421063032.0
008 130507s2011 sp | |||||||| | spa d
020 _a978-84939391-0-3
080 _a821.134.2-14"19"
100 0 _aGracia Trinidad, Enrique,
_d1950-
_959477
245 1 0 _aMentidero de Madrid /
_cEnrique Gracia Trinidad.
250 _a1ª ed.
260 _aMadrid :
_bRilke,
_c2011.
300 _a152 p. ;
_c20 cm.
490 1 _aColección Poesía ;
_vn. 4
830 0 _aColección Poesía ;
_vn. 4
_9178068
852 _aES-MaACL
_jA-12636
_9188843
_bR.148801
_cDEPO1
_dOlim: N-5637
_xDonación: Enrique Gracia Trinidad
_zDedicatoria autógrafa del autor
903 _aGracia Trinidad, Enrique,
_d1950-
_ednr
_959477
942 _2udc
999 _c181935
_d181935